000 00251nam a22001217a 4500
008 181105b xxu||||| |||| 00| 0 eng d
041 _aeng
080 _a610
100 _a3
101 _aSHM
245 _aMyo Clinic
_cSheps.sh.g
942 _2udc
_cBK
999 _c51871
_d51871